[Event "CrunchLab Masters Div 2 W"]
[Site "chess.com INT"]
[Date "2024.07.21"]
[Round "3.2"]
[White "Grischuk, Alexander"]
[Black "Moussard, Jules"]
[Result "1-0"]
[WhiteTitle "GM"]
[BlackTitle "GM"]
[WhiteElo "2708"]
[BlackElo "2590"]
[WhiteFideId "4126025"]
[BlackFideId "642908"]
[EventDate "2024.07.19"]
[EventType "k.o."]

1. d4 Nf6 2. c4 e6 3. Nf3 d5 4. Nc3 Nbd7 5. Bf4 dxc4 6. e4 b5 7. Nxb5 Bb4+ 8.
Bd2 Bxd2+ 9. Nxd2 Nb6 10. Nxc4 Nxc4 11. Bxc4 Nxe4 12. Qg4 Nf6 13. Qf3 Rb8 14.
Qc6+ Qd7 15. Qxc7 Qxc7 16. Nxc7+ Kd7 17. Nb5 a6 18. Nc3 Bb7 19. O-O Rhc8 20. b3
a5 21. Rac1 Ne4 22. Na4 Bc6 23. f3 Nd2 24. Nc5+ Kd6 25. Rfd1 Nxc4 26. Rxc4 Bd5
27. Rc3 Ra8 28. Rdc1 Rcb8 29. Kf2 g5 30. Ke3 Ra7 31. g3 Ke7 32. Na4 Kd7 33. Rc5
h6 34. Nc3 Ba8 35. f4 gxf4+ 36. Kxf4 Ke7 37. Ke3 Rd8 38. Rf1 Rad7 39. Rf4 Rg8
40. Rxa5 Rc8 41. Rc5 Rg8 42. b4 Bb7 43. a4 Rg5 44. a5 Ba8 45. b5 Rg8 46. b6 Rb8
47. Rh4 Bg2 48. Rxh6 Ra8 49. Rh4 Rb7 50. Rf4 Bh3 51. Kf2 Bf5 52. h4 Rg8 53. Kf3
Bc2 54. Nd5+ exd5 55. Rxc2 Ra8 56. Rc5 1-0

[Event "CrunchLab Masters Div 2 W"]
[Site "chess.com INT"]
[Date "2024.07.21"]
[Round "3.3"]
[White "Fedoseev, Vladimir3"]
[Black "Vidit, Santosh Gujrathi"]
[Result "1/2-1/2"]
[WhiteTitle "GM"]
[BlackTitle "GM"]
[WhiteElo "2687"]
[BlackElo "2720"]
[WhiteFideId "24130737"]
[BlackFideId "5029465"]
[EventDate "2024.07.19"]
[EventType "k.o."]

1. d4 d5 2. c4 c6 3. Nf3 Nf6 4. e3 e6 5. Nbd2 Nbd7 6. Bd3 Bd6 7. O-O O-O 8. Qc2
h6 9. b3 Qe7 10. Bb2 e5 11. cxd5 Nxd5 12. Nc4 exd4 13. Nxd6 Qxd6 14. Bxd4 Nb4
15. Bh7+ Kh8 16. Qb1 c5 17. Bb2 Nf6 18. Bf5 Rd8 19. Ne5 Kg8 20. a3 Nc6 21. Nc4
Qe7 22. a4 Rd5 23. Bxf6 Qxf6 24. Bh7+ Kf8 25. Be4 Bf5 26. Bxf5 Rxf5 27. Qd3 Rd8
28. Qe2 Qc3 29. Rab1 Rfd5 30. h3 b6 31. Rfc1 Qf6 32. Rd1 Qg6 33. Rbc1 Qe4 34.
Rxd5 Rxd5 35. Kf1 Rd3 36. Rd1 Nb4 37. Rxd3 Nxd3 38. Qd1 Ke7 39. f3 Qg6 40. Qc2
h5 41. g4 hxg4 42. hxg4 Qh7 43. Kg1 Qg6 44. Kf1 Qh7 45. Kg1 Qg6 46. Qc3 f6 47.
Qc2 Ne5 48. Qxg6 Nxg6 49. f4 Nf8 50. Kf2 Nd7 51. Kf3 a6 52. Ke4 b5 53. axb5 axb5
54. Na3 b4 55. Nc4 Ke6 56. f5+ Ke7 57. Kd5 Kd8 58. Kd6 Kc8 59. e4 Kd8 60. Ke6
Ke8 61. Nd6+ Kd8 62. Nc4 Ke8 63. Kd5 Ke7 64. Kc6 Ke8 65. Kd6 Kd8 66. Ne3 Ke8 67.
Nd5 Kd8 68. Nf4 Ke8 69. Nd3 c4 70. bxc4 b3 71. c5 Ne5 72. c6 Kd8 73. Nb2 Kc8 74.
Na4 Nc4+ 75. Ke6 Kc7 76. Kd5 b2 77. Nxb2 Nxb2 78. Ke6 Nd3 79. Kf7 Ne5+ 80. Kxg7
Nxg4 81. Kg6 Kxc6 82. e5 fxe5 83. Kg5 Nf2 84. f6 Kd6 85. Kf5 Nd3 86. f7 Ke7 87.
Ke4 Kxf7 88. Kxd3 Kf6 89. Ke4 Ke6 90. Ke3 Kf5 91. Kf3 e4+ 92. Ke3 Ke5 93. Ke2
Kf4 94. Kf2 e3+ 95. Ke2 Ke4 96. Ke1 Kf4 97. Ke2 Ke4 98. Ke1 Kd3 99. Kd1 e2+ 100.
Ke1 Ke3 1/2-1/2

[Event "CrunchLab Masters Div 2 W"]
[Site "chess.com INT"]
[Date "2024.07.21"]
[Round "3.3"]
[White "Moussard, Jules"]
[Black "Grischuk, Alexander"]
[Result "1-0"]
[WhiteTitle "GM"]
[BlackTitle "GM"]
[WhiteElo "2590"]
[BlackElo "2708"]
[WhiteFideId "642908"]
[BlackFideId "4126025"]
[EventDate "2024.07.19"]
[EventType "k.o."]

1. c4 c6 2. d4 d5 3. Nf3 Nf6 4. e3 Bg4 5. h3 Bh5 6. Nc3 e6 7. g4 Bg6 8. Ne5 Nbd7
9. Nxg6 hxg6 10. cxd5 cxd5 11. Bd2 Bb4 12. Bd3 Rc8 13. Qb3 Qb6 14. Ke2 Bxc3 15.
Bxc3 Ne4 16. Be1 Qc7 17. Qa3 f5 18. f3 Ng5 19. h4 Nf7 20. gxf5 gxf5 21. Rg1 Rh7
22. Bg3 Qd8 23. Qxa7 Kf8 24. Rac1 Ra8 25. Qxb7 Kg8 26. Rc2 Rh6 27. Rgc1 Nb6 28.
Bc7 Qxh4 29. Qxb6 Rg6 30. Kd2 Qf2+ 31. Be2 Rg2 32. Kd3 Re8 33. Qc6 Re7 34. Rh1
g5 35. Qa8+ Kg7 36. Be5+ Nxe5+ 37. dxe5 f4 38. Qh8+ 1-0

[Event "CrunchLab Masters Div 2 W"]
[Site "chess.com INT"]
[Date "2024.07.21"]
[Round "3.4"]
[White "Grischuk, Alexander"]
[Black "Moussard, Jules"]
[Result "1-0"]
[WhiteTitle "GM"]
[BlackTitle "GM"]
[WhiteElo "2708"]
[BlackElo "2590"]
[WhiteFideId "4126025"]
[BlackFideId "642908"]
[EventDate "2024.07.19"]
[EventType "k.o."]

1. d4 Nf6 2. c4 e6 3. Nf3 d5 4. Nc3 Nbd7 5. Bg5 h6 6. Bh4 Be7 7. e3 O-O 8. Rc1
c5 9. dxc5 dxc4 10. Bxc4 Nxc5 11. O-O a6 12. Ne5 Nfd7 13. Nxd7 Nxd7 14. Bxe7
Qxe7 15. Be2 b5 16. Bf3 Rb8 17. Ne4 Ne5 18. Qd6 Nxf3+ 19. gxf3 Qa7 20. Rc7 Qa8
21. Qe7 Qd5 22. Rfc1 Bb7 23. Rd7 Rbe8 24. Rxd5 Rxe7 25. Rd6 f5 26. Nc5 Bxf3 27.
Nxe6 Ra8 28. Nd4 Bg4 29. f3 Bh5 30. Kf2 Bf7 31. Nxf5 Re5 32. e4 Bxa2 33. Rc7 Bf7
34. Rdd7 Rf8 35. Nd6 Rh5 36. Nxf7 Rxh2+ 37. Kg3 Rh1 38. Nd6 Rg1+ 39. Kf2 Rg5 40.
Nf5 Kh8 41. Nxg7 Rg8 42. Nf5 Rg2+ 43. Ke3 1-0

[Event "CrunchLab Masters Div 2 W"]
[Site "chess.com INT"]
[Date "2024.07.21"]
[Round "3.4"]
[White "Vidit, Santosh Gujrathi"]
[Black "Fedoseev, Vladimir3"]
[Result "1/2-1/2"]
[WhiteTitle "GM"]
[BlackTitle "GM"]
[WhiteElo "2720"]
[BlackElo "2687"]
[WhiteFideId "5029465"]
[BlackFideId "24130737"]
[EventDate "2024.07.19"]
[EventType "k.o."]

1. e4 e5 2. Nf3 Nf6 3. Nxe5 d6 4. Nf3 Nxe4 5. d4 d5 6. Bd3 Bd6 7. O-O O-O 8. c4
c6 9. Re1 Bf5 10. Qb3 Qd7 11. Nc3 Nxc3 12. Bxf5 Qxf5 13. bxc3 b6 14. Nh4 Qh5 15.
g3 dxc4 16. Qxc4 Rc8 17. Qd3 Nd7 18. a4 Re8 19. Bd2 Nf6 20. c4 Qg4 21. Kg2 Bf8
22. h3 Qd7 23. Bg5 Rxe1 24. Rxe1 Re8 25. Rxe8 Nxe8 26. Nf5 a6 27. Bf4 b5 28.
axb5 axb5 29. Ne3 bxc4 30. Qxc4 Nf6 31. Be5 1/2-1/2

[Event "CrunchLab Masters Div 2 W"]
[Site "chess.com INT"]
[Date "2024.07.21"]
[Round "3.5"]
[White "Fedoseev, Vladimir3"]
[Black "Vidit, Santosh Gujrathi"]
[Result "1/2-1/2"]
[WhiteTitle "GM"]
[BlackTitle "GM"]
[WhiteElo "2687"]
[BlackElo "2720"]
[WhiteFideId "24130737"]
[BlackFideId "5029465"]
[EventDate "2024.07.19"]
[EventType "k.o."]

1. Nf3 d5 2. b3 c5 3. Bb2 Nf6 4. e3 g6 5. c4 dxc4 6. Bxc4 Bg7 7. O-O O-O 8. Nc3
Nc6 9. Bb5 Bd7 10. Rc1 Rc8 11. Qe2 a6 12. Bxc6 Bxc6 13. Ne5 Qd6 14. Nxc6 Rxc6
15. Rfd1 Rfc8 16. d3 Qe6 17. Qc2 Nd5 18. Nxd5 Qxd5 19. Bxg7 Kxg7 20. h3 f6 21.
Qc3 Rd8 22. Rd2 e5 23. Qa5 Rd7 24. Rc3 e4 25. Qa4 b5 26. Qa5 exd3 27. Rcxd3 Qxd3
28. Rxd3 Rxd3 29. Qa3 Rd7 30. g4 c4 31. bxc4 bxc4 32. Qc3 Rd3 33. Qb4 Rd7 34.
Qc3 Rd3 35. Qc2 Rd7 36. Qa4 Rdd6 37. Qb4 Rd7 38. g5 fxg5 39. Qc3+ Kf7 40. Kg2 h5
41. Kf3 Rd3 42. Qb4 Rdd6 43. Qc3 Rd3 44. Qb2 Rdd6 45. Qb7+ Kf6 46. Qb8 c3 47.
Qf8+ Ke6 48. Qe8+ Kf6 49. e4 Kg7 50. Qe7+ Kg8 51. Qe8+ Kg7 52. e5 Re6 53. Qd7+
Kg8 54. Qd8+ Kg7 55. Qd7+ Kg8 56. Qd1 c2 57. Qd8+ Kg7 58. Qd7+ Kf8 59. Qd8+ Kf7
60. Qd7+ Kf8 61. Qd8+ Kf7 62. Qd7+ Kf8 1/2-1/2

[Event "CrunchLab Masters Div 2 W"]
[Site "chess.com INT"]
[Date "2024.07.22"]
[Round "4.1"]
[White "Grischuk, Alexander"]
[Black "Vidit, Santosh Gujrathi"]
[Result "0-1"]
[WhiteTitle "GM"]
[BlackTitle "GM"]
[WhiteElo "2708"]
[BlackElo "2720"]
[WhiteFideId "4126025"]
[BlackFideId "5029465"]
[EventDate "2024.07.19"]
[EventType "k.o."]

1. d4 Nf6 2. Bf4 d5 3. e3 c5 4. Nf3 e6 5. c3 Nc6 6. Nbd2 Be7 7. Ne5 Nd7 8. Nxd7
Bxd7 9. Be2 O-O 10. O-O Qb6 11. Rb1 Rac8 12. h3 Rfd8 13. Re1 Be8 14. Bd3 Bf8 15.
h4 Ne7 16. h5 f6 17. Qg4 Bf7 18. Nf3 Qc6 19. Qh3 h6 20. a3 b5 21. Qg4 c4 22. Bc2
Kh8 23. Nh4 f5 24. Qh3 Qe8 25. g4 fxg4 26. Qxg4 Bxh5 27. Qxe6 Rc6 28. Qh3 Qf7
29. Be5 Ng6 30. f4 Nxh4 31. Qxh4 Be7 32. Qh3 Rf8 33. Kf2 Bg6 34. Qxh6+ Kg8 35.
Bxg6 Rxg6 36. Qh3 Rh6 37. Qg4 Bh4+ 38. Kf3 Bxe1 39. Rxe1 Kh7 40. Rg1 g6 41. Rg2
Rg8 42. Ke2 Qf5 43. Kf3 Rh3+ 44. Kf2 Qxg4 45. Rxg4 g5 46. f5 Rh5 47. e4 dxe4 48.
Rxe4 Rf8 49. f6 Kg6 50. Kg3 Rh1 51. Re2 Rfh8 52. Kf3 Kf5 53. Rf2 Kg6 54. Ke4 Rd8
55. Kf3 Rh4 56. Kg3 Kf7 57. Rf5 Rg8 58. Rf2 Re4 59. Kf3 Re1 60. Rh2 Kg6 61. Kf2
Rb1 62. Kg3 Rd1 63. Kf3 Re1 64. Kf2 Re4 65. Kf3 Rh4 66. Rg2 Kf7 67. Ke3 Ke6 68.
Kf3 g4+ 69. Kf4 Rh3 70. Ke4 g3 71. d5+ Kf7 72. d6 Ke6 73. Bd4 Rh2 74. Rg1 g2 75.
Kf3 Kxd6 76. Kf2 Ke6 77. Kf3 Rh1 78. Rxg2 Rxg2 79. Kxg2 Rb1 80. Bxa7 Rxb2+ 81.
Kf3 Rb3 82. Bd4 Rxa3 83. Ke4 Ra1 84. Kf4 Re1 85. Kf3 Rd1 86. Ke4 Rd2 87. Ke3
Rd3+ 88. Ke4 Rh3 89. Kf4 Rh4+ 90. Ke3 Rh8 91. Ke4 Re8 92. Be5 Rc8 93. Bd4 Rc6
94. Kf4 b4 95. cxb4 c3 96. Be3 c2 97. Bc1 Rd6 0-1

[Event "CrunchLab Masters Div 2 W"]
[Site "chess.com INT"]
[Date "2024.07.22"]
[Round "4.2"]
[White "Vidit, Santosh Gujrathi"]
[Black "Grischuk, Alexander"]
[Result "1/2-1/2"]
[WhiteTitle "GM"]
[BlackTitle "GM"]
[WhiteElo "2720"]
[BlackElo "2708"]
[WhiteFideId "5029465"]
[BlackFideId "4126025"]
[EventDate "2024.07.19"]
[EventType "k.o."]

1. d4 Nf6 2. c4 e6 3. Nf3 d5 4. Nc3 Nbd7 5. cxd5 exd5 6. Bg5 c6 7. e3 h6 8. Bh4
Be7 9. Qc2 O-O 10. Bd3 Re8 11. Nd2 Nh5 12. Bxe7 Rxe7 13. O-O Ndf6 14. Rae1 g6
15. Nb3 Qe8 16. Qd2 Ng7 17. f3 Bf5 18. Re2 Bxd3 19. Qxd3 Ne6 20. Qd2 Ng5 21. Nc5
Rd8 22. b4 b6 23. Nd3 Rd6 24. a4 Qc8 25. b5 c5 26. Ne5 Re8 27. Nc6 Qc7 28. Rd1
Ree6 29. Rde1 Qd7 30. Qc1 Re8 31. Qd2 Ne6 32. Ra1 Qc7 33. Ree1 h5 34. h3 Ng7 35.
a5 Nf5 36. axb6 axb6 37. Ra7 Qc8 38. Na4 cxd4 39. exd4 Rxe1+ 40. Qxe1 Re6 41.
Qd2 Qf8 42. Nc3 Qd6 43. Ne2 Kg7 44. Nf4 Re8 45. Ne5 Re7 46. Rxe7 Qxe7 47. g4
hxg4 48. hxg4 Nd6 49. Qd3 Qe8 50. g5 Nh7 51. Nxd5 Nxg5 52. Nxb6 Nxb5 53. Nbc4
Nc7 54. d5 Nh3+ 55. Kf1 Nf4 56. Qd4 Ncxd5 57. Ng4+ Kg8 58. Qxf4 Nxf4 59. Nf6+
Kf8 60. Nxe8 Kxe8 61. Kf2 Ke7 62. Ke3 Ng2+ 63. Kf2 Nh4 64. Ne5 Ke6 65. Nc6 Kd6
66. Nd4 Ke5 67. Ne2 Nf5 68. Nc3 Nd6 69. Ke3 Nc4+ 70. Kd3 Nb6 71. Ne4 Kf4 72. Ke2
Nc4 73. Kf2 Ne5 74. Nd2 Nc6 75. Nb3 g5 76. Nc1 Nd4 77. Nd3+ Kf5 78. Ke3 Nc2+ 79.
Kd2 Nd4 80. Ke3 Ne6 81. Nb4 Nf4 82. Nc6 Nd5+ 83. Kd4 Nb6 84. Ke3 Nc4+ 85. Kd4
Nd6 86. Ke3 Ke6 87. Nb4 Nf5+ 88. Ke4 Ng3+ 89. Ke3 Nh5 90. Nc6 Nf4 91. Ke4 f5+
92. Ke3 Kf6 93. Nd4 Ng6 94. Nc6 Ne7 95. Na5 Ke6 96. Nb3 Ke5 97. Nc5 Nd5+ 98. Kd3
Kf4 99. Ne6+ Kxf3 100. Nxg5+ Kg4 101. Nf7 f4 102. Ke2 Kg3 103. Ne5 Nf6 104. Kf1
Ne4 105. Ke2 Ng5 106. Kf1 Nf3 107. Nd3 Nh2+ 108. Ke2 f3+ 109. Ke3 Ng4+ 110. Kd4
Kh2 111. Kd5 Kg1 112. Ke4 Nh2 113. Ke3 Kf1 114. Ne5 f2 115. Nd3 Ng4+ 116. Kf4
Ke2 117. Nxf2 1/2-1/2

[Event "CrunchLab Masters Div 2 W"]
[Site "chess.com INT"]
[Date "2024.07.22"]
[Round "4.3"]
[White "Grischuk, Alexander"]
[Black "Vidit, Santosh Gujrathi"]
[Result "1/2-1/2"]
[WhiteTitle "GM"]
[BlackTitle "GM"]
[WhiteElo "2708"]
[BlackElo "2720"]
[WhiteFideId "4126025"]
[BlackFideId "5029465"]
[EventDate "2024.07.19"]
[EventType "k.o."]

1. d4 d5 2. c4 c6 3. cxd5 cxd5 4. Bf4 Nf6 5. e3 Nc6 6. Nf3 Bg4 7. Qb3 Na5 8.
Bb5+ Bd7 9. Qd3 e6 10. Ne5 Bb4+ 11. Ke2 a6 12. Bxd7+ Nxd7 13. a3 Be7 14. Rc1 Rc8
15. Nd2 O-O 16. b4 Nxe5 17. Bxe5 Nc6 18. Bg3 Na7 19. Nb3 Bd6 20. Nc5 Rc7 21. a4
Nc8 22. Rc2 Bxg3 23. hxg3 Nd6 24. Rac1 Qg5 25. Kf1 Nc4 26. a5 Rfc8 27. e4 Qg6
28. Qc3 h5 29. Kg1 Nd6 30. exd5 exd5 31. Re2 Qg4 32. Rce1 Nf5 33. Re5 Qxd4 34.
Qb3 g6 35. Rxd5 Qf6 36. Qf3 Kg7 37. g4 hxg4 38. Qxg4 Rh8 39. g3 Re7 40. Rxe7
Qxe7 41. Qe4 Qxe4 42. Nxe4 Re8 43. Nc5 Re1+ 44. Kg2 Rb1 45. g4 Ne7 46. Rd7 Nc6
47. Rxb7 Rxb4 48. Rxb4 Nxb4 49. g5 Nc6 50. Nxa6 Nxa5 51. f4 1/2-1/2

[Event "CrunchLab Masters Div 2 W"]
[Site "chess.com INT"]
[Date "2024.07.22"]
[Round "4.4"]
[White "Vidit, Santosh Gujrathi"]
[Black "Grischuk, Alexander"]
[Result "0-1"]
[WhiteTitle "GM"]
[BlackTitle "GM"]
[WhiteElo "2720"]
[BlackElo "2708"]
[WhiteFideId "5029465"]
[BlackFideId "4126025"]
[EventDate "2024.07.19"]
[EventType "k.o."]

1. d4 d5 2. c4 e6 3. Nf3 Nf6 4. Nc3 c6 5. e3 Nbd7 6. Bd3 dxc4 7. Bxc4 b5 8. Bd3
Bb7 9. O-O a6 10. a4 b4 11. Ne4 c5 12. Nxf6+ Nxf6 13. a5 Qd5 14. Re1 Ne4 15.
Qa4+ Bc6 16. Qc2 Bd6 17. Bxe4 Qxe4 18. Qxe4 Bxe4 19. dxc5 Bxc5 20. Bd2 Bxf3 21.
gxf3 Kd7 22. Rec1 Rhc8 23. Rc4 Rab8 24. Rd1 Bd6 25. Rd4 e5 26. Rd5 Ke6 27. e4
Rb7 28. Be3 Rc6 29. Bb6 g6 30. Kf1 f5 31. R1d2 Rb8 32. Ke2 Rbc8 33. Kd3 Rc1 34.
h4 Rh1 35. Ke2 Rc6 36. Bd8 f4 37. Bg5 Rhc1 38. Kd3 b3 39. Ke2 Bb4 40. Rd1 R6c2+
41. Kf1 Rxd1+ 42. Rxd1 Rxb2 43. Rd3 Bc5 44. Rc3 Bd4 45. Rc6+ Kd7 46. Rxa6 Rxf2+
47. Ke1 b2 0-1

[Event "CrunchLab Masters Div 2 W"]
[Site "chess.com INT"]
[Date "2024.07.22"]
[Round "4.5"]
[White "Grischuk, Alexander"]
[Black "Vidit, Santosh Gujrathi"]
[Result "0-1"]
[WhiteTitle "GM"]
[BlackTitle "GM"]
[WhiteElo "2708"]
[BlackElo "2720"]
[WhiteFideId "4126025"]
[BlackFideId "5029465"]
[EventDate "2024.07.19"]
[EventType "k.o."]

1. g3 d5 2. Nf3 c5 3. Bg2 Nf6 4. O-O g6 5. c4 Bg7 6. Qa4+ Nc6 7. d4 cxd4 8. Nxd4
Bd7 9. cxd5 Nxd5 10. Nxc6 Bxc6 11. Qb3 e6 12. e4 Nb6 13. Nc3 O-O 14. a4 Qd3 15.
a5 Qc4 16. Qa3 Nd7 17. Rd1 Rfc8 18. Bf4 Qc5 19. Qb3 Ne5 20. Be3 Qc4 21. Qc2 Qb4
22. Bd2 Be8 23. Be1 a6 24. h3 Nc4 25. Rdb1 Nxa5 26. Qd1 Qb6 27. Nd5 exd5 28.
Bxa5 Qd6 29. exd5 Bd7 30. Qd2 Rc4 31. Rc1 Rd4 32. Qe3 Re8 33. Qb3 Bb5 34. Rd1
Rxd1+ 35. Rxd1 Re2 36. Rd2 Re1+ 37. Kh2 Ra1 38. Bc3 Bxc3 39. Qxc3 b6 40. Qe3 Ra4
41. b3 Rb4 42. Rc2 Bd7 43. Qc3 a5 44. Kg1 h5 45. h4 Bf5 46. Re2 Bd7 47. Re3 b5
48. Rf3 a4 49. bxa4 bxa4 50. Rf6 Qe7 51. d6 Rb1+ 52. Kh2 Qe1 53. Qxe1 Rxe1 54.
Bd5 Rd1 55. Bc4 Be8 56. Rxg6+ Kf8 57. Rh6 Kg7 58. Rxh5 Rxd6 59. Ra5 Rd4 60. Bf1
Rd2 61. Kg2 Bc6+ 62. Kh3 Rd1 63. Be2 Rh1+ 64. Kg4 Rh2 65. Bf3 Bd7+ 66. Kf4 Rxf2
67. Ke3 Rb2 68. Ra7 Rb3+ 69. Kf4 Rb4+ 70. Ke5 Be6 71. Be4 Rb3 72. Kf4 Rb4 73.
Ke3 Rc4 74. h5 Rc3+ 75. Kd4 Rc5 76. Kxc5 Kh6 77. Kd4 a3 78. Ke3 a2 79. Bf3 Bf5
80. Ra6+ f6 81. Ra5 Kg5 82. g4 Kh4 83. gxf5 Kg3 0-1

[Event "CrunchLab Masters Div 2 W"]
[Site "chess.com INT"]
[Date "2024.07.23"]
[Round "5.1"]
[White "Grischuk, Alexander"]
[Black "Vidit, Santosh Gujrathi"]
[Result "1/2-1/2"]
[WhiteTitle "GM"]
[BlackTitle "GM"]
[WhiteElo "2708"]
[BlackElo "2720"]
[WhiteFideId "4126025"]
[BlackFideId "5029465"]
[EventDate "2024.07.19"]
[EventType "k.o."]

1. d4 Nf6 2. Bf4 d5 3. e3 Bf5 4. Bd3 Bxd3 5. cxd3 c6 6. Nc3 e6 7. Nf3 Be7 8. e4
O-O 9. e5 Nfd7 10. h4 Na6 11. Qe2 b5 12. Kf1 Rc8 13. Rh3 b4 14. Nd1 c5 15. Rg3
Kh8 16. h5 cxd4 17. h6 g6 18. Nxd4 Nac5 19. Nf3 d4 20. Bg5 Nb6 21. Bxe7 Qxe7 22.
Rg4 Rfd8 23. Rc1 b3 24. axb3 Nxb3 25. Rxc8 Rxc8 26. Nxd4 Nxd4 27. Rxd4 Qg5 28.
Qe3 Qh5 29. Nc3 g5 30. Qh3 Qg6 31. g4 f6 32. Qh5 fxe5 33. Qxg6 hxg6 34. Rd6 Kh7
35. Rxe6 Kxh6 36. Rxe5 Nd7 37. Ra5 Nc5 38. d4 Nb3 39. Rxa7 Nxd4 40. Nd5 Ne6 41.
Nf6 Ng7 42. Kg2 Rb8 43. Rf7 Rxb2 44. Ng8+ Kh7 45. Nf6+ Kh6 46. Ng8+ Kh7 47. Nf6+
Kh6 1/2-1/2

[Event "CrunchLab Masters Div 2 W"]
[Site "chess.com INT"]
[Date "2024.07.23"]
[Round "5.2"]
[White "Vidit, Santosh Gujrathi"]
[Black "Grischuk, Alexander"]
[Result "1-0"]
[WhiteTitle "GM"]
[BlackTitle "GM"]
[WhiteElo "2720"]
[BlackElo "2708"]
[WhiteFideId "5029465"]
[BlackFideId "4126025"]
[EventDate "2024.07.19"]
[EventType "k.o."]

1. d4 Nf6 2. c4 e6 3. Nf3 d5 4. Nc3 Be7 5. g3 O-O 6. Bg2 Nbd7 7. Qd3 b6 8. cxd5
Nxd5 9. Nxd5 exd5 10. O-O Bb7 11. Bf4 c5 12. b3 a5 13. Rad1 a4 14. h4 h6 15. Ne5
Nf6 16. Qf5 Qc8 17. Qxc8 Rfxc8 18. dxc5 bxc5 19. Rd2 axb3 20. axb3 Ra3 21. Rb1
Ba8 22. Rc2 d4 23. b4 Be4 24. Bxe4 Nxe4 25. b5 Nc3 26. Rbb2 Ra7 27. b6 Rb7 28.
Nc4 Nd5 29. Rb5 Rc6 30. Ra2 Nc3 31. Ra7 Rcxb6 32. Rxb7 Rxb5 33. Rxe7 f6 34. h5
Rb1+ 35. Kg2 Re1 36. Kf3 Rh1 37. g4 Nd5 38. Rd7 Nc3 39. Nd6 Re1 40. Nf5 Nxe2 41.
Rxg7+ Kh8 42. Bxh6 d3 43. Rd7 c4 44. Bg7+ Kg8 45. Bxf6 c3 46. Nh6+ 1-0

[Event "CrunchLab Masters Div 2 W"]
[Site "chess.com INT"]
[Date "2024.07.23"]
[Round "5.3"]
[White "Grischuk, Alexander"]
[Black "Vidit, Santosh Gujrathi"]
[Result "1-0"]
[WhiteTitle "GM"]
[BlackTitle "GM"]
[WhiteElo "2708"]
[BlackElo "2720"]
[WhiteFideId "4126025"]
[BlackFideId "5029465"]
[EventDate "2024.07.19"]
[EventType "k.o."]

1. d4 Nf6 2. Bf4 d5 3. e3 Bf5 4. Bd3 Bg6 5. Nf3 e6 6. O-O Bd6 7. Bxg6 hxg6 8.
Nbd2 c5 9. dxc5 Bxc5 10. Qe2 Nc6 11. Rad1 Nh5 12. c4 Nxf4 13. exf4 dxc4 14. Ne4
Qb6 15. Nfg5 Be7 16. Nd6+ Bxd6 17. Rxd6 Rd8 18. Rxd8+ Qxd8 19. Rd1 Qf6 20. g3
O-O 21. Rd7 b5 22. Qg4 Rd8 23. Rxf7 Qxf7 24. Nxf7 Kxf7 25. Qe2 Rd5 26. Kg2 a5
27. a4 bxa4 28. Qxc4 Nb4 29. h4 Nd3 30. Qc3 Nb4 31. Qc7+ Kf8 32. Qc4 Kf7 33. Qc3
Kf8 34. g4 Kf7 35. f3 Nd3 36. Kg3 Nb4 37. Qc7+ Kf8 38. Qc8+ Kf7 39. Qc3 Kf8 40.
Qc4 Kf7 41. Qe4 Kf6 42. f5 exf5 43. Qe8 fxg4 44. Qf8+ Ke6 45. Qxg7 gxf3 46.
Qxg6+ Ke5 47. h5 Nd3 48. Kxf3 Rd6 49. Qg5+ Kd4 50. h6 Ne5+ 51. Ke2 Rg6 52. Qh4+
Kd5 53. h7 1-0

[Event "CrunchLab Masters Div 2 W"]
[Site "chess.com INT"]
[Date "2024.07.23"]
[Round "5.4"]
[White "Vidit, Santosh Gujrathi"]
[Black "Grischuk, Alexander"]
[Result "1/2-1/2"]
[WhiteTitle "GM"]
[BlackTitle "GM"]
[WhiteElo "2720"]
[BlackElo "2708"]
[WhiteFideId "5029465"]
[BlackFideId "4126025"]
[EventDate "2024.07.19"]
[EventType "k.o."]

1. e4 e6 2. d4 d5 3. exd5 exd5 4. Nf3 Nc6 5. c3 Bd6 6. Bd3 Nge7 7. Qc2 Bg4 8.
Nbd2 Qd7 9. h3 Bf5 10. Nf1 Bxd3 11. Qxd3 Qf5 12. Qxf5 Nxf5 13. Bd2 h5 14. h4 Kd7
15. O-O-O Rae8 16. Ne1 Nce7 17. g3 a5 18. a4 b6 19. Ng2 Ng6 20. Nfe3 Nxe3 21.
Nxe3 c6 22. Nf5 Ne7 23. Ne3 Ng8 24. Nf5 Ne7 25. Ne3 Ng8 26. Nf5 Ne7 1/2-1/2

[Event "CrunchLab Masters Div 2 W"]
[Site "chess.com INT"]
[Date "2024.07.23"]
[Round "5.5"]
[White "Grischuk, Alexander"]
[Black "Vidit, Santosh Gujrathi"]
[Result "1-0"]
[WhiteTitle "GM"]
[BlackTitle "GM"]
[WhiteElo "2708"]
[BlackElo "2720"]
[WhiteFideId "4126025"]
[BlackFideId "5029465"]
[EventDate "2024.07.19"]
[EventType "k.o."]

1. d4 Nf6 2. Bf4 d5 3. e3 Bf5 4. Bd3 Bg6 5. h4 e6 6. h5 Bxd3 7. Qxd3 Nbd7 8. Nc3
Bd6 9. h6 g6 10. Nf3 O-O 11. O-O-O a6 12. Bg5 Be7 13. Nd2 b5 14. f3 c5 15. dxc5
Nxc5 16. Qd4 Ncd7 17. Kb1 Rc8 18. Ne2 Qc7 19. c3 Rfe8 20. Rc1 a5 21. Rhd1 Qb7
22. Qh4 a4 23. a3 Kf8 24. Nd4 e5 25. Nc2 Rc6 26. e4 Re6 27. exd5 Nxd5 28. Bxe7+
R8xe7 29. Ne4 f6 30. Rd2 N5b6 31. Ne3 Qc7 32. Rcd1 f5 33. Ng5 Rc6 34. Nd5 Nxd5
35. Rxd5 Rc4 36. Qf2 Qb7 37. Qd2 Ke8 38. Rd6 e4 39. fxe4 fxe4 40. Qe3 Rc6 41.
R6d5 Rf6 42. Qd4 Rf5 43. Qh8+ Rf8 44. Qd4 Rf5 45. Rxf5 gxf5 46. Rf1 e3 47. Qh8+
Nf8 48. Rxf5 e2 49. Rxf8+ Kd7 50. Qd4+ Kc7 51. Qd8+ Kc6 52. Rf6+ Kc5 53. Qd4# 1-0

[Event "CrunchLab Masters Div 2 W"]
[Site "chess.com INT"]
[Date "2024.07.23"]
[Round "6.1"]
[White "Grischuk, Alexander"]
[Black "Vidit, Santosh Gujrathi"]
[Result "1-0"]
[WhiteTitle "GM"]
[BlackTitle "GM"]
[WhiteElo "2708"]
[BlackElo "2720"]
[WhiteFideId "4126025"]
[BlackFideId "5029465"]
[EventDate "2024.07.19"]
[EventType "k.o."]

1. d4 Nf6 2. Bf4 d5 3. e3 Bf5 4. Bd3 Bg6 5. Nf3 e6 6. c4 dxc4 7. Bxc4 Nbd7 8.
Nc3 Bd6 9. Bg3 O-O 10. Rc1 Qe7 11. Qb3 Rab8 12. Bxd6 Qxd6 13. O-O a6 14. Rfd1
Rfd8 15. h3 h6 16. Be2 b5 17. a3 Qb6 18. Qa2 c5 19. dxc5 Nxc5 20. Ne5 Bh7 21. b4
Nce4 22. Qb2 Rxd1+ 23. Rxd1 Rc8 24. Rc1 Rd8 25. Nxe4 Bxe4 26. Qc3 Nd7 27. Nc6
Re8 28. Na5 Nf6 29. f3 Bg6 30. Qc5 Qd8 31. Rd1 Qb8 32. Nc6 Qg3 33. Qe5 Qxe5 34.
Nxe5 Nd5 35. e4 Nc3 36. Rd2 Rc8 37. Bf1 Kh7 38. Rd6 Nb1 39. Rxa6 Rc3 40. Bxb5
Nxa3 41. Be8 Nc2 42. b5 Rb3 43. Rd6 Ne3 44. Kf2 Bh5 45. g4 Bg6 46. Rd3 Rxd3 47.
Nxd3 Nc4 48. Ne5 Nxe5 49. b6 Nd3+ 50. Ke3 Nc5 51. Kd4 Na6 52. b7 f5 53. Bb5 Nb8
54. exf5 exf5 55. Ke5 fxg4 56. hxg4 h5 57. Kd6 hxg4 58. fxg4 1-0

[Event "CrunchLab Masters Div 2 W"]
[Site "chess.com INT"]
[Date "2024.07.23"]
[Round "6.2"]
[White "Vidit, Santosh Gujrathi"]
[Black "Grischuk, Alexander"]
[Result "0-1"]
[WhiteTitle "GM"]
[BlackTitle "GM"]
[WhiteElo "2720"]
[BlackElo "2708"]
[WhiteFideId "5029465"]
[BlackFideId "4126025"]
[EventDate "2024.07.19"]
[EventType "k.o."]

1. c4 Nf6 2. Nf3 e6 3. b3 b6 4. g3 Bb7 5. Bg2 c5 6. Bb2 Be7 7. O-O O-O 8. e3 d5
9. Nc3 dxc4 10. bxc4 Nc6 11. Qe2 Qc7 12. Ne1 a6 13. f4 Na7 14. g4 b5 15. g5 Ne8
16. Ne4 Rd8 17. Nd3 bxc4 18. Ne5 Nd6 19. Nxd6 Bxd6 20. Nxc4 Bxg2 21. Qxg2 Qc6
22. Rfc1 Be7 23. Be5 Qd5 24. Rab1 Nc6 25. Ba1 Nb4 26. a3 Nd3 27. Rc3 Qf5 28. Rf1
f6 29. e4 Qg6 30. h4 fxg5 31. Rxd3 Rxd3 32. Ne5 Rxd2 33. Qxd2 Qxe4 34. hxg5 Rd8
35. Qg2 Qe3+ 36. Qf2 Qxa3 37. Nc6 Re8 38. Nxe7+ Rxe7 39. Rd1 Qh3 40. Qg2 Qe3+
41. Qf2 Qh3 42. Rf1 Rd7 43. Qg2 Qe3+ 44. Kh1 Rd2 45. Qa8+ Kf7 46. Qb7+ Ke8 47.
Qc8+ Kf7 48. g6+ hxg6 49. Qc7+ Ke8 50. Qc6+ Kf7 51. Qb7+ Ke8 52. Qb8+ Kf7 53.
Qb7+ Ke8 54. Qc6+ Kf7 55. Qc7+ Ke8 0-1